25 Séries par Citations #1 - Statistiques

Statistiques générales
  • Ce quiz a été pris 166 fois
  • Le résultat moyen est 10 sur 25
Statistiques - réponses
Hint Réponse % Correct
"Mmmh des donuts !" Les Simpsons
85%
"C’est important l’éthique Nairobi ; mais n’oublions pas l’esthétique." La Casa de Papel
73%
"1, 2, 3... Soleil !" Squid Game
73%
"- Tu connais les plans par cœur ? - Mieux que ça je les ai toujours sur moi." Prison Break
70%
"Je ne suis pas en danger, Skyler. Je suis le danger." Breaking Bad
68%
"Dracarys" Game of Thrones
61%
"Une fois, j'ai tiré sur _____ pour prouver qu'il était le diable, et maintenant je vous tire dessus pour prouver que vous ne l'êtes pas." Lucifer
57%
"Oh mon Dieu, ils ont tué Kenny !" South Park
57%
"Toi, tu vis. Toi, tu vis. Toi, tu crèves. Toi, tu vis. Toi, tu vis. Toi, tu vis. Toi, tu vis. Toi, tu crèves." Malcolm
55%
"Ils ne savent pas qu'on sait qu'ils savent qu'on sait !" Friends
39%
"En fait, pour clarifier, Betty et Archie ne sortent pas ensemble, mais ils sont en phase finale." Riverdale
37%
"On ne tue pas les vivants !" The Walking Dead
37%
"Les amis ne se mentent jamais." Stranger Things
35%
"L’argent ou le plomb ?" Narcos
34%
"Hey Cass, depuis combien de temps tu baises Nate Jacobs" Euphoria
28%
"Tu sais qui je suis ? Je suis le Protecteur !" The Boys
24%
"Prends moi. Choisis moi. Aime moi" Grey’s Anatomy
21%
"Telle est la voie." The Mandalorian
19%
"Bazinga !" The Big Bang Theory
18%
"Cool cool cool cool... pas de panique." Brooklyn Nine-Nine
16%
"Longue vie et prospérité." Star Trek
13%
"Vivre ensemble ou mourir seul." Lost - Les disparus
12%
"Wubba lubba dub dub !" Rick et Morty
10%
"Vous avez trahi cette ville." Arrow
9%
"Je continuerai jusqu'à ce que je trouve un homme que je ne peux pas vaincre !" Peaky Blinders
8%
Aucun quiz correspondant
Distribution des résultats
% des personnes avec chaque résultat
Percentile par nombre de réponses
Votre historique - résultats
Vous n’avez pas pris ce quiz